000 00452nam a2200169Ia 4500
008 230917s9999||||xx |||||||||||||| ||und||
020 _cRS695
040 _e258382
_aMAIN
041 _aEnglish
082 _a613.7 R258P
100 _aReena Rani
245 0 _aPhysical fitness and wellness
260 _aNew Delhi
_bFriends Publications (India)
_c2018
300 _a254 p.
500 _a3670 15/10/2019 FP19/406 15/10/2019 Main Budget
942 _cBK
999 _c33263
_d33263